নয়নপুরের মাটি / (Record no. 44577)
[ view plain ]
| 000 -LEADER | |
|---|---|
| fixed length control field | 00716nam a22002177a 4500 |
| 001 - CONTROL NUMBER | |
| control field | 44577 |
| 003 - CONTROL NUMBER IDENTIFIER | |
| rucl marc code | BD-RjUL |
| 005 - DATE AND TIME OF LATEST TRANSACTION | |
| control field | 20211209053901.0 |
| 008 - FIXED-LENGTH DATA ELEMENTS--GENERAL INFORMATION | |
| fixed length control field | 160718s1952 BG ||||| |||| 00| 0 BE d |
| 035 ## - SYSTEM CONTROL NUMBER | |
| System control number | (BD-RjUL)44695 |
| 040 ## - CATALOGING SOURCE | |
| Original cataloging agency | BD-RjUL |
| Language of cataloging | ben |
| Transcribing agency | BD-RjUL |
| 041 ## - LANGUAGE CODE | |
| Language code of text/sound track or separate title | ben |
| 082 ## - DEWEY DECIMAL CLASSIFICATION NUMBER | |
| Edition number | 23 |
| Classification number | 891.443 |
| Author mark and year | BON 1952 |
| 100 ## - MAIN ENTRY--PERSONAL NAME | |
| Personal name | বসু ,সমরশ |
| 9 (RLIN) | 136765 |
| 245 ## - TITLE STATEMENT | |
| Title | নয়নপুরের মাটি / |
| Statement of responsibility, etc. | সমরশ বসু |
| 260 ## - PUBLICATION, DISTRIBUTION, ETC. (IMPRINT) | |
| Place of publication, distribution, etc. | কলিকাতা : |
| Name of publisher, distributor, etc. | ডি, এম, লাইব্রেরী, |
| Date of publication, distribution, etc. | ১৯৫২ |
| 300 ## - PHYSICAL DESCRIPTION | |
| Pagination | ২১৮ পৃ. ; |
| Size | ১৮ সেমি. |
| 650 ## - SUBJECT ADDED ENTRY--TOPICAL TERM | |
| Topical term or geographic name as entry element | বাংলা উপন্যাস |
| 9 (RLIN) | 136766 |
| Topical term or geographic name as entry element | Bengali novel |
| 9 (RLIN) | 119335 |
| 942 ## - ADDED ENTRY ELEMENTS (KOHA) | |
| Source of classification or shelving scheme | Dewey Decimal Classification |
| Koha item type | Books |
| Lost status | Source of classification or shelving scheme | Damaged status | Not for loan | Collection code | Permanent Location | Current Location | Shelving location | Date acquired | Source of acquisition | Cost, normal purchase price | Total Checkouts | Full call number | Date last seen | Copy number | Koha item type |
|---|---|---|---|---|---|---|---|---|---|---|---|---|---|---|---|
| Dewey Decimal Classification | Fiction | Central Library, University of Rajshahi | Central Library, University of Rajshahi | 05/06/1958 | Kamala Book | 3.50 | B 891.443 BON 1952 | 18/07/2016 | C-2 | Books |